Carolingien - Statistiques

Statistiques générales
  • Ce quiz a été pris 97 fois
  • Le résultat moyen est 7 sur 20
Statistiques - réponses
Hint Réponse % Correct
768-814 Charlemagne
97%
751-768 Pepin le bref
91%
768-771 Carloman
59%
814-840 Louis 1 le pieux/ le débonnaire
42%
843-877 Charles 2 - Le chauve
36%
877-879 Louis 2 - le bègue
34%
1er souverain Allemand Louis 2 - Le Germanique
34%
885-887 Charles 3 - le gros
31%
898-922 Charles 3 le simple
31%
Roi Italie / francie Mediane Lothaire 1er
31%
879-882 Louis 3
30%
936-954 Louis 4 d'outre mer
30%
888-898 Eudes
28%
986-987 Louis 5 - le faineant
27%
1er duc de normandie en 911 Rollon
25%
879-884 carloman 2
20%
922-923 Robert 1er
20%
954-986 Lothaire 2
19%
923-936 Raoul
17%
Mort en 838 Pepin 1
13%
Aucun quiz correspondant
Distribution des résultats
% des personnes avec chaque résultat
Percentile par nombre de réponses
Votre historique - résultats
Vous n’avez pas pris ce quiz